000 00517nam a2200217Ia 4500
003 OSt
005 20220924153747.0
006 a|||||r|||| 00| 0
007 ta
008 220923b |||||||| |||| 00| 0 tam d
024 _a351529
037 _cTextual
040 _aARTS
_cARTS
_btam
041 _2tam
_atam
082 _aP111:4k, 31K2
245 0 _aEnglish Tamil Dictiionay
260 _c1962
650 _aLINGUISTICS
942 _hP111:4k, 31K2
_cTEXL
_2CC
999 _c474696
_d474696